LEADER 01473nas 2200421-a 450 001 996339123603316 005 20240413015546.0 035 $a(CKB)4100000010850426 035 $a(CONSER)--2006222854 035 $a(MiAaPQ)27806 035 $a(EXLCZ)994100000010850426 100 $a20050526a20059999 k-- a 101 0 $aeng 181 $ctxt$2rdacontent 182 $cc$2rdamedia 183 $acr$2rdacarrier 200 04$aThe el chicano weekly 210 $aSan Bernardino, CA $cInland Empire Community Newspapers$d[2005]- 215 $a1 online resource 300 $a"Serving San Bernardino & Riverside Counties." 311 08$aPrint version: The el chicano weekly. 2638-9118 (DLC) 2006222854 (OCoLC)60497239 606 $aHispanic Americans$zCalifornia$zSan Bernardino County$vNewspapers 606 $aHispanic Americans$zCalifornia$zRiverside County$vNewspapers 606 $aHispanic Americans$2fast$3(OCoLC)fst00957523 607 $aSan Bernardino County (Calif.)$vNewspapers 607 $aRiverside County (Calif.)$vNewspapers 607 $aCalifornia$zRiverside County$2fast 607 $aCalifornia$zSan Bernardino County$2fast 608 $aNewspapers.$2fast 615 0$aHispanic Americans 615 0$aHispanic Americans 615 7$aHispanic Americans. 676 $a973.046872 906 $aJOURNAL 912 $a996339123603316 920 $aexl_impl conversion 996 $aThe el chicano weekly$92341330 997 $aUNISA LEADER 03919oas 2201345 a 450 001 9910134383803321 005 20250921213016.0 035 $a(OCoLC)56092081 035 $a(CONSER) 2009247737 035 $a(CKB)954925423145 035 $a(EXLCZ)99954925423145 100 $a20040804b19112001 uy 101 0 $aeng 135 $aurgnu|||||||| 181 $ctxt$2rdacontent 182 $cc$2rdamedia 183 $acr$2rdacarrier 200 10$aBulletin of the Medical Library Association 210 $aBaltimore, Md. $cMedical Library Association$d1911-2001 300 $aRefereed/Peer-reviewed 300 $aPublished: Chicago, <1961>- 2001. 311 08$a0025-7338 606 $aMedical libraries$vPeriodicals 606 $aMedicine$xLibrary resources$vPeriodicals 606 $aMedicine$xInformation services$vPeriodicals 606 $aMedical libraries 606 $aHospital libraries 606 $aLibrary science 606 $aMedicine$vPeriodicals 606 $aLibraries, Medical 606 $aLibraries, Hospital 606 $aLibrary Science 606 $aMe?decine$xBibliothe?ques$vPe?riodiques 606 $aMe?decine$vPe?riodiques 606 $aMe?decine$xFonds documentaires$vPe?riodiques 606 $aMe?decine$xServices d'information$vPe?riodiques 606 $aMe?decine$xBibliothe?ques 606 $aBibliothe?ques d'ho?pital 606 $aBibliothe?conomie 606 $alibrary science$2aat 606 $aMedicine$2fast$3(OCoLC)fst01014893 606 $aLibrary science$2fast$3(OCoLC)fst00997916 606 $aHospital libraries$2fast$3(OCoLC)fst00960989 606 $aMedical libraries$2fast$3(OCoLC)fst01014324 606 $aMedicine$xInformation services$2fast$3(OCoLC)fst01014979 606 $aMedicine$xLibrary resources$2fast$3(OCoLC)fst01014993 606 $aGeneeskunde$2gtt 606 $aBibliotheekwezen$2gtt 606 $aDocumentaire informatie$2gtt 608 $aPeriodical. 608 $aperiodicals.$2aat 608 $aPeriodicals.$2fast 608 $aPeriodicals.$2lcgft 608 $aPe?riodiques.$2rvmgf 615 0$aMedical libraries 615 0$aMedicine$xLibrary resources 615 0$aMedicine$xInformation services 615 0$aMedical libraries. 615 0$aHospital libraries. 615 0$aLibrary science. 615 0$aMedicine 615 2$aLibraries, Medical. 615 2$aLibraries, Hospital. 615 2$aLibrary Science. 615 6$aMe?decine$xBibliothe?ques 615 6$aMe?decine 615 6$aMe?decine$xFonds documentaires 615 6$aMe?decine$xServices d'information 615 6$aMe?decine$xBibliothe?ques. 615 6$aBibliothe?ques d'ho?pital. 615 6$aBibliothe?conomie. 615 7$alibrary science. 615 7$aMedicine. 615 7$aLibrary science. 615 7$aHospital libraries. 615 7$aMedical libraries. 615 7$aMedicine$xInformation services. 615 7$aMedicine$xLibrary resources. 615 17$aGeneeskunde. 615 17$aBibliotheekwezen. 615 17$aDocumentaire informatie. 712 02$aMedical Library Association 801 0$bEEM 801 1$bEEM 801 2$bOCLCQ 801 2$bEEM 801 2$bPFM 801 2$bTXJ 801 2$bBUF 801 2$bCOU 801 2$bSBH 801 2$bDST 801 2$bYYP 801 2$bOCLCE 801 2$bOCLCQ 801 2$bOCLCF 801 2$bEUW 801 2$bOCLCQ 801 2$bLIP 801 2$bUAB 801 2$bAU@ 801 2$bOCLCO 801 2$bWYU 801 2$bU3W 801 2$bVT2 801 2$bOCLCO 801 2$bOCLCQ 801 2$bOCLCO 801 2$bOCLCQ 801 2$bOCL 801 2$bOCLCL 906 $aJOURNAL 912 $a9910134383803321 996 $aBulletin of the Medical Library Association$92045242 997 $aUNINA